Quizzes
Events
Quiz Creation
Community
Videos
Private Events
Remove Ads
Sign In
Join for FREE
Feedback
Dark Mode
Quiz Categories
Sports
Geography
Music
Movies
Television
Just For Fun
Miscellaneous
History
Literature
Language
Science
Gaming
Entertainment
Religion
Holiday
For Kids
Quiz Lab
Recent
Popular Today
Quiz Kudos Today
Editor Picks
Curator Picks
Quizzes by...
Day
Popularity
Type
Ratings
Length
Year
Community
Subscriptions
Recent Discussions
Orange Saloon
Badges
Playlists
Quests
Create
Leaderboards
Showdown
Live 5
Trivia Bingo
Activity
Puzzle Library
Sporcle Events
Private Events
Virtual Trivia
Globe League
Become a Host
Pub Owners
SporcleCon
Opinionation
Our Games
Videos
Blog
Mobile Apps
Partnerships
Remove Ads and Go Orange
Feedback
Geography
Country
Landmarks
City
State
Population
World
Capital
Continent
Flags
Europe
Africa
Asia
South America
North America
Oceania
Border
Canada
United Kingdom
Topography
United States
Geography
Country
Landmarks
City
State
Population
World
Capital
Continent
Flags
Europe
Africa
Asia
South America
North America
Oceania
Border
Canada
United Kingdom
Topography
United States
Random Quiz
Search Sporcle
×
Quiz Lab
Quiz Lab
Geography
World
Type in answers that appear in a list
Type in answers that appear in a list
Classic
Best Score? Go Orange.
Airports Named After World Leaders II Stats
Can you name the Airports Named After World Leaders II?
By
thehotstepper
5m
20 Questions
61 Plays
61 Plays
61 Plays
Comments
Comments
Give Quiz Kudos
Give Quiz Kudos
-
- Ratings
hide this ad
More Info
Replay
Link that replays current quiz
Next Quiz
Link to next quiz in quiz playlist
You Got
0%
They Got
Avg Score
13%
Avg Friend Score
Upgrade to see
Score Distribution
Jump to the score distribution portion of the page
Score
0/20
Timer
05:00
0
Plays Today
Location
Airport
% Correct
Springfield (IL), USA
Abraham Lincoln Capital Airport
62.3%
Ulan Bator, Mongolia
Chinggis Khaan International Airport
45.9%
Cologne/
Bonn, Germany
Konrad Adenauer Airport
32.8%
Dickinson (ND), USA
Dickinson Theodore Roosevelt Regional Airport
31.1%
Port-
au-
Prince, Haiti
Toussaint Louverture International Airport
14.8%
Kavala, Greece
Alexander The Great Airport
14.8%
Riyadh, Saudi Arabia
King Khalid International Airport
11.5%
Algiers, Algeria
Houari Boumedienne Airport
8.2%
Tallinn, Estonia
Lennart Meri Tallinn Airport
8.2%
Chillán, Chile
General Bernardo O'Higgins Airport
6.6%
Location
Airport
% Correct
Kathmandu, Nepal
Tribhuven International Airport
4.9%
Kozani, Greece
Kozani National Airport 'Filippos'
4.9%
Kuantan, Malaysia
Sultan Haji Ahmad Shah Airport
3.3%
Monclova, Mexico
Venustiano Carranza International Airport
3.3%
Indore, India
Devi Ahilyabai Holkar International Airport
1.6%
Medellín, Colombia
Olaya Herrera Airport
1.6%
Pasto, Colombia
Antonio Nariño Airport
1.6%
Constanţa, Romania
Mihail Kogălniceanu International Airport
1.6%
Libreville, Gabon
Libreville Leon Mba International Airport
1.6%
Toluca, Mexico
Licenciado Adolfo López Mateos International Airport
1.6%
Quiz Playlist
Details
Report
Send in Message
Add To Playlist
More Info:
***HARD VERSION*** Easier version: http://www.sporcle.com/games/thehotstepper/famous_people_airports
Classic:
Type in answers that appear in a list
Quiz Source
Last Updated: Feb 16, 2017
Quiz Scoreboard
CHALLENGE
Sign Up to Join the Scoreboard
Show All
Scores
Hide
Comments
May contain spoilers
Recently Published
1-10 Letter E Words III
by El_Dandy
Language
2m
One Thing in Common: World Cities II
by knightlancer
Geography
7m
Popular People in 1961
by mucciniale
History
6m
More to Explore
Quiz From the Vault
Featured Blog Post
Where Did the Easter Bunny Come From?
hide this ad
You Might Also Like...
Tags
World Quiz
airport
location
name
Today's Top Quizzes in Geography
Browse Geography
hide this ad
Today's Top Quizzes in World
Browse World
Top Contributed Quizzes in Geography
1
Countries of the World - No Outlines Minefield
2
Top 25 Cities of France on a map
3
African Flag Reveal XLV
4
Closest Countries to UK A-Z
5
Blind Secret Country CLXXXVIII
6
Find the US States - No Outlines
7
One Thing in Common: Asia
8
One Thing in Common: United Kingdom
9
One Thing in Common: Geography
10
One Thing in Common: Around the World
Explore More
Trending Topics
NBA
Anime
Crossword
Marvel
Kpop
Disney
Harry Potter
WWE
Soccer
Song
Country
NFL
Puzzle
The Office
Pokémon
hide this ad
More By:
thehotstepper
Quiz
Plays
Rating
Category
Featured
Created
Stuttering #1 Hits
65,594
3.27
Music
Nov 15, 2009
'Walking in Memphis' Lyrics
2,676
5.00
Music
Dec 14, 2011
#1 Hit Trivia
1,650
4.44
Music
Dec 13, 2010
The Beach Boys (Members)
716
4.67
Music
Mar 27, 2010
NASCAR Nationwide Series Champions (1984-2012
619
3.50
Sports
Sep 27, 2009
Go to Creator's Profile
Score Distribution
Quiz Creator Spotlight
thehotstepper
Follow
Send a Message
Quizzes Created
-
Created Quiz Play Count
-
More By This Creator
Popular Quizzes Today
1
Find the US States - No Outlines Minefield
2
The Countries of the World
3
Find the Countries of Europe - No Outlines Minefield
4
Popular People in 1961
5
1-10 Letter E Words III
6
Find the US States
7
One Thing in Common: World Cities II
8
US States
More Geography Quizzes
Invisible Capitals of North America
Published
Trending Quizzes
Risky Map Clicking: Least Populous States A-Z
1-10 Letter F Words
1-10 Letter G Words
One Thing in Common: United Kingdom
Risky Map Clicking: Next State Alphabetically
Recently Updated
Leaping Animals
pecheneg
Reality TV Shows (A-Z)
bhenderson79
Rickey Henderson's Hall of Fame Teammates
pecheneg
Champions League XIs: Arsenal
pecheneg
Quick Pick: Celebrities in WWE's Hall of Fame
aduchscher
A-Z Keypad Blitz II
pecheneg
Multiple Oscar Actors
pecheneg
Mystery Phrase Blitz: Oscar 'Best Actors'
pecheneg
F. Scott Fitzgerald Novels
LTH
Pick 3 Villains
ddd62291
Trending Topics
NBA
Crossword
Disney
Kpop
Harry Potter
Anime
Marvel
Country
WWE
Pokémon
Song
NFL
Soccer
The Office
Puzzle
Your Account Isn't Verified!
In order to create a playlist on Sporcle, you need to verify the email address you used during registration. Go to your
Sporcle Settings
to finish the process.
Report this User
Report this user for behavior that violates our
Community Guidelines
.
Details:
Send Report
Go to the Sporcle.com Mobile Site →
Comments